[Event "3rd Memorial Warakomska 2019"]
[Site "Suwalki"]
[Date "2019.08.07"]
[Round "4.45"]
[White "Czarniecka, Aleksandra"]
[Black "Leskiewicz, Ignacy"]
[Result "1/2-1/2"]
[WhiteElo "2042"]
[BlackElo "2120"]
[Annotator "ChessBase"]
[PlyCount "114"]
[EventDate "2019.08.05"]
[EventType "swiss"]
[EventCountry "POL"]
[SourceTitle "playchess.com"]
[Source "ChessBase"]
[SourceQuality "1"]
[TimeControl "40/5400+30:1800+30"]

1. e4 {[%emt 0:00:00]} c5 {[%emt 0:00:34]} 2. Nf3 {[%emt 0:00:00]} d6 {[%emt 0:00:47]} 3. d4 {[%emt 0:00:03]} cxd4 {[%emt 0:00:15]} 4. Nxd4 {[%emt 0:00:05]} Nf6 {[%emt 0:00:04]} 5. Nc3 {[%emt 0:00:09]} a6 {[%emt 0:01:08]} 6. Be2 {[%emt 0:00:29]} e5 {[%emt 0:02:04]} 7. Nb3 {[%emt 0:02:03]} Be7 {[%emt 0:00:36]} 8. Bg5 {[%emt 0:03:02]} Be6 {[%emt 0:02:49]} 9. Bxf6 {[%emt 0:04:00]} Bxf6 {[%emt 0:01:34]} 10. Qd3 {[%emt 0:00:46]} Nc6 {[%emt 0:08:29]} 11. O-O-O {[%emt 0:22:49]} Be7 {[%emt 0:03:59]} 12. Kb1 {[%emt 0:03:18]} O-O {[%emt 0:24:45]} 13. Nd5 {[%emt 0:03:44]} Bxd5 {[%emt 0:08:31]} 14. Qxd5 {[%emt 0:04:46]} Qc7 {[%emt 0:07:31]} 15. c3 {[%emt 0:04:46]} Rfd8 {[%emt 0:05:19]} 16. Nd2 {[%emt 0:07:11]} b5 {[%emt 0:01:48]} 17. Nf1 {[%emt 0:03:23]} Bg5 {[%emt 0:07:26]} 18. Ng3 {[%emt 0:06:39]} Ne7 {[%emt 0:02:05]} 19. Qb3 {[%emt 0:00:51]} Qc5 {[%emt 0:01:29]} 20. Bf3 {[%emt 0:06:36]} Rab8 {[%emt 0:00:55]} 21. Rd3 {[%emt 0:03:44]} b4 {[%emt 0:01:23]} 22. Rhd1 {[%emt 0:04:12]} Nc6 {[%emt 0:10:49]} 23. Ne2 {[%emt 0:07:55]} Qxf2 {[%emt 0:03:37]} 24. c4 {[%emt 0:06:24]} g6 {[%emt 0:02:25]} 25. Rxd6 {[%emt 0:02:11]} Nd4 {[%emt 0:00:01]} 26. Rxd8+ {[%emt 0:00:12]} Rxd8 {[%emt 0:00:01]} 27. Nxd4 {[%emt 0:00:35]} exd4 {[%emt 0:01:18]} 28. Qd3 {[%emt 0:01:07]} Bf4 {[%emt 0:00:59]} 29. Rf1 {[%emt 0:01:27]} Qe3 {[%emt 0:00:28]} 30. Qxe3 {[%emt 0:01:00]} dxe3 {[%emt 0:00:25]} 31. g3 {[%emt 0:00:20]} Be5 {[%emt 0:00:34]} 32. Rd1 {[%emt 0:00:13]} Rc8 {[%emt 0:00:50]} 33. b3 {[%emt 0:00:16]} Bb8 {[%emt 0:00:53]} 34. Kc2 {[%emt 0:00:41]} Kg7 {[%emt 0:00:14]} 35. Rd7 {[%emt 0:01:13]} h5 {[%emt 0:00:42]} 36. Kd3 {[%emt 0:00:24]} h4 {[%emt 0:00:24]} 37. gxh4 {[%emt 0:00:46]} Bxh2 {[%emt 0:00:18]} 38. Kxe3 {[%emt 0:00:11]} Rh8 {[%emt 0:00:22]} 39. Rb7 {[%emt 0:01:22]} a5 {[%emt 0:00:56]} 40. Rb5 {[%emt 0:00:00]} Bc7 {[%emt 0:00:00]} 41. h5 {[%emt 0:01:19]} Rd8 {[%emt 0:08:43]} 42. hxg6 {[%emt 0:03:52]} fxg6 {[%emt 0:02:00]} 43. Rd5 {[%emt 0:07:11]} Bb6+ {[%emt 0:02:37]} 44. Kf4 {[%emt 0:02:02]} Rf8+ {[%emt 0:06:51]} 45. Kg4 {[%emt 0:02:04]} Bc7 {[%emt 0:02:45]} 46. e5 {[%emt 0:11:59]} Rf5 {[%emt 0:00:19]} 47. Rd7+ {[%emt 0:01:08]} Rf7 {[%emt 0:00:02]} 48. e6 {[%emt 0:00:38]} Rxd7 {[%emt 0:00:01]} 49. exd7 {[%emt 0:00:07]} Kf6 {[%emt 0:00:52]} 50. c5 {[%emt 0:00:40]} Bd8 {[%emt 0:00:53]} 51. Kf4 {[%emt 0:00:46]} Ke6 {[%emt 0:00:14]} 52. c6 {[%emt 0:00:13]} Kd6 {[%emt 0:00:23]} 53. Ke3 {[%emt 0:03:27]} Kc5 {[%emt 0:00:18]} 54. Kd3 {[%emt 0:00:15]} Bc7 {[%emt 0:00:18]} 55. Ke3 {[%emt 0:01:10]} Bd8 {[%emt 0:01:21]} 56. Kf4 {[%emt 0:00:11]} Kd6 {[%emt 0:00:26]} 57. Be4 {[%emt 0:00:08]} Bf6 {[%emt 0:00:21]} 1/2-1/2

[Event "3rd Memorial Warakomska 2019"]
[Site "Suwalki"]
[Date "2019.08.07"]
[Round "4.46"]
[White "Checiak, Krzysztof"]
[Black "Szczurek, Krzysztof"]
[Result "0-1"]
[WhiteElo "2057"]
[BlackElo "2104"]
[Annotator "NA"]
[PlyCount "58"]
[EventDate "2019.08.05"]
[EventType "swiss"]
[EventCountry "POL"]
[SourceTitle "playchess.com"]
[Source "ChessBase"]
[SourceQuality "1"]
[TimeControl "40/5400+30:1800+30"]

1. e4 {[%emt 0:02:25]} c5 {[%emt 0:00:00]} 2. Nf3 {[%emt 0:00:11]} d6 {[%emt 0:00:00]} 3. d4 {[%emt 0:00:06]} cxd4 {[%emt 0:00:00]} 4. Nxd4 {[%emt 0:00:08]} Nf6 {[%emt 0:00:13]} 5. Nc3 {[%emt 0:00:05]} a6 {[%emt 0:00:07]} 6. Be2 {[%emt 0:01:26]} e5 {[%emt 0:00:10]} 7. Nb3 {[%emt 0:00:25]} Be7 {[%emt 0:00:16]} 8. O-O {[%emt 0:00:21]} O-O {[%emt 0:00:29]} 9. a4 {[%emt 0:00:15]} Be6 {[%emt 0:00:19]} 10. f4 {[%emt 0:00:29]} exf4 {[%emt 0:00:14]} 11. Bxf4 {[%emt 0:00:16]} Nc6 {[%emt 0:01:01]} 12. Kh1 {[%emt 0:00:41]} Qb6 {[%emt 0:01:02]} 13. Nd5 {[%emt 0:00:54]} Bxd5 {[%emt 0:00:14]} 14. exd5 {[%emt 0:00:20]} Ne5 {[%emt 0:05:38]} 15. a5 {[%emt 0:00:33]} Qc7 {[%emt 0:01:01]} 16. Ra4 {[%emt 0:03:04]} Ng6 {[%emt 0:00:51]} 17. Be3 {[%emt 0:00:39]} Rac8 {[%emt 0:01:58]} 18. c3 {[%emt 0:00:17]} Qd7 {[%emt 0:01:01]} 19. Rb4 {[%emt 0:00:18]} Rfe8 {[%emt 0:01:50]} 20. c4 {[%emt 0:10:20]} Ne5 {[%emt 0:02:39]} 21. Qd4 {[%emt 0:02:39]} Rb8 {[%emt 0:07:07]} 22. Bf4 {[%emt 0:00:59]} Ng6 {[%emt 0:00:12]} 23. Bg3 {[%emt 0:00:58]} Bf8 {[%emt 0:01:15]} 24. Bd3 {[%emt 0:01:54]} Nh5 {[%emt 0:01:14]} 25. Be1 {[%emt 0:02:51]} Ngf4 {[%emt 0:06:51]} 26. Bc3 {[%emt 0:00:53]} Qg4 {[%emt 0:06:03]} 27. Be4 {[%emt 0:03:17]} Ng3+ {[%emt 0:01:09]} 28. hxg3 {[%emt 0:01:58]} Qh5+ {[%emt 0:00:05]} 29. Kg1 {[%emt 0:01:14]} Ne2+ {[%emt 0:00:05]} 0-1

[Event "3rd Memorial Warakomska 2019"]
[Site "Suwalki"]
[Date "2019.08.07"]
[Round "4.48"]
[White "Nowak, Lukasz"]
[Black "Maj, Pawel"]
[Result "1/2-1/2"]
[WhiteElo "2264"]
[BlackElo "2127"]
[Annotator "NA"]
[PlyCount "69"]
[EventDate "2019.08.05"]
[EventType "swiss"]
[EventCountry "POL"]
[SourceTitle "playchess.com"]
[Source "ChessBase"]
[SourceQuality "1"]
[TimeControl "40/5400+30:1800+30"]

1. d4 {[%emt 0:00:00]} Nf6 {[%emt 0:00:01]} 2. c4 {[%emt 0:00:00]} g6 {[%emt 0:00:54]} 3. Nc3 {[%emt 0:00:00]} Bg7 {[%emt 0:00:03]} 4. e4 {[%emt 0:00:08]} d6 {[%emt 0:00:04]} 5. h3 {[%emt 0:00:07]} O-O {[%emt 0:00:41]} 6. Be3 {[%emt 0:00:19]} e5 {[%emt 0:01:12]} 7. d5 {[%emt 0:00:12]} a5 {[%emt 0:01:54]} 8. g4 {[%emt 0:00:16]} Na6 {[%emt 0:01:09]} 9. Nge2 {[%emt 0:00:14]} h5 {[%emt 0:09:19]} 10. f3 {[%emt 0:05:25]} Nh7 {[%emt 0:05:26]} 11. Rg1 {[%emt 0:08:28]} hxg4 {[%emt 0:17:17]} 12. hxg4 {[%emt 0:00:33]} Bf6 {[%emt 0:00:04]} 13. Qd2 {[%emt 0:19:58]} Bh4+ {[%emt 0:04:12]} 14. Kd1 {[%emt 0:05:31]} Bg5 {[%emt 0:00:38]} 15. Nc1 {[%emt 0:01:28]} Bxe3 {[%emt 0:01:07]} 16. Qxe3 {[%emt 0:07:27]} Qg5 {[%emt 0:01:15]} 17. Kd2 {[%emt 0:01:44]} Bd7 {[%emt 0:06:53]} 18. Be2 {[%emt 0:01:49]} Nc5 {[%emt 0:06:58]} 19. Nd3 {[%emt 0:02:15]} b6 {[%emt 0:01:49]} 20. b3 {[%emt 0:00:23]} Qxe3+ {[%emt 0:01:25]} 21. Kxe3 {[%emt 0:00:07]} Ng5 {[%emt 0:00:37]} 22. Rh1 {[%emt 0:01:56]} Kg7 {[%emt 0:01:22]} 23. Rh2 {[%emt 0:01:53]} Rh8 {[%emt 0:01:07]} 24. Rah1 {[%emt 0:00:22]} Rxh2 {[%emt 0:00:21]} 25. Rxh2 {[%emt 0:00:08]} Nxd3 {[%emt 0:06:56]} 26. Bxd3 {[%emt 0:00:20]} Rh8 {[%emt 0:00:15]} 27. Rxh8 {[%emt 0:01:57]} Kxh8 {[%emt 0:00:15]} 28. a3 {[%emt 0:00:26]} Kg7 {[%emt 0:01:36]} 29. b4 {[%emt 0:00:17]} axb4 {[%emt 0:00:16]} 30. axb4 {[%emt 0:00:12]} Kf6 {[%emt 0:00:42]} 31. Bc2 {[%emt 0:00:32]} Ke7 {[%emt 0:03:48]} 32. Ba4 {[%emt 0:00:28]} Bc8 {[%emt 0:05:03]} 33. Nb5 {[%emt 0:01:26]} Bd7 {[%emt 0:01:41]} 34. Nc3 {[%emt 0:00:35]} Bc8 {[%emt 0:00:21]} 35. Nb5 {[%emt 0:00:30]} 1/2-1/2

[Event "3rd Memorial Warakomska 2019"]
[Site "Suwalki"]
[Date "2019.08.08"]
[Round "5.1"]
[White "Goluch, Piotr"]
[Black "Markowski, Tomasz"]
[Result "0-1"]
[WhiteElo "2386"]
[BlackElo "2537"]
[Annotator "ChessBase"]
[PlyCount "83"]
[EventDate "2019.08.05"]
[EventType "swiss"]
[EventCountry "POL"]
[SourceTitle "playchess.com"]
[Source "ChessBase"]
[SourceQuality "1"]
[TimeControl "40/5400+30:1800+30"]

1. e4 {[%emt 0:00:00]} c5 {[%emt 0:00:00]} 2. Nf3 {[%emt 0:00:04]} e6 {[%emt 0:00:00]} 3. d4 {[%emt 0:00:04]} cxd4 {[%emt 0:00:00]} 4. Nxd4 {[%emt 0:00:04]} a6 {[%emt 0:00:00]} 5. Bd3 {[%emt 0:00:03]} Nf6 {[%emt 0:00:00]} 6. O-O {[%emt 0:00:05]} d6 {[%emt 0:00:03]} 7. a4 {[%emt 0:00:03]} b6 {[%emt 0:00:28]} 8. Nd2 {[%emt 0:00:05]} Be7 {[%emt 0:01:57]} 9. a5 {[%emt 0:01:50]} e5 {[%emt 0:11:08]} 10. Ne2 {[%emt 0:03:50]} b5 {[%emt 0:10:41]} 11. c4 {[%emt 0:01:26]} O-O {[%emt 0:00:28]} 12. Nc3 {[%emt 0:03:10]} Nc6 {[%emt 0:05:46]} 13. cxb5 {[%emt 0:02:52]} axb5 {[%emt 0:00:25]} 14. Bxb5 {[%emt 0:00:09]} Nd4 {[%emt 0:03:31]} 15. Bd3 {[%emt 0:06:33]} Rxa5 {[%emt 0:00:43]} 16. Rxa5 {[%emt 0:00:05]} Qxa5 {[%emt 0:00:02]} 17. Nc4 {[%emt 0:01:30]} Qc5 {[%emt 0:01:05]} 18. Bg5 {[%emt 0:12:21]} Be6 {[%emt 0:00:44]} 19. Qa4 {[%emt 0:06:26]} Rb8 {[%emt 0:06:38]} 20. Bxf6 {[%emt 0:03:59]} Bxf6 {[%emt 0:03:17]} 21. b4 {[%emt 0:08:22]} Qc6 {[%emt 0:06:27]} 22. b5 {[%emt 0:04:05]} Qc5 {[%emt 0:02:20]} 23. Rb1 {[%emt 0:03:56]} g6 {[%emt 0:04:38]} 24. b6 {[%emt 0:04:13]} Bh4 {[%emt 0:05:40]} 25. Qb4 {[%emt 0:13:23]} Nf3+ {[%emt 0:06:31]} 26. Kh1 {[%emt 0:00:04]} Bxc4 {[%emt 0:00:29]} 27. Qxc4 {[%emt 0:00:21]} Qxc4 {[%emt 0:00:30]} 28. Bxc4 {[%emt 0:00:04]} Nd2 {[%emt 0:00:05]} 29. Rb4 {[%emt 0:01:13]} Bxf2 {[%emt 0:02:56]} 30. Bb5 {[%emt 0:14:38]} Bxb6 {[%emt 0:03:43]} 31. Bc6 {[%emt 0:00:29]} Ba7 {[%emt 0:01:45]} 32. Nb5 {[%emt 0:00:23]} Bc5 {[%emt 0:01:43]} 33. Rb2 {[%emt 0:03:14]} Nc4 {[%emt 0:00:26]} 34. Ra2 {[%emt 0:00:05]} Kg7 {[%emt 0:02:20]} 35. g3 {[%emt 0:00:24]} h5 {[%emt 0:00:37]} 36. Kg2 {[%emt 0:00:47]} Ne3+ {[%emt 0:00:22]} 37. Kf3 {[%emt 0:00:14]} Ng4 {[%emt 0:00:20]} 38. h3 {[%emt 0:02:03]} Nf6 {[%emt 0:00:50]} 39. Ra6 {[%emt 0:00:04]} Kh6 {[%emt 0:01:16]} 40. h4 {[%emt 0:00:00]} Kg7 {[%emt 0:00:00]} 41. Ke2 {[%emt 0:01:45]} Nxe4 {[%emt 0:02:28]} 42. Bxe4 {[%emt 0:01:12]} 0-1

[Event "3rd Memorial Warakomska 2019"]
[Site "Suwalki"]
[Date "2019.08.08"]
[Round "5.2"]
[White "Zakhartsov, Viacheslav V."]
[Black "Harsha Bharathakoti"]
[Result "1/2-1/2"]
[WhiteElo "2518"]
[BlackElo "2486"]
[Annotator "ChessBase"]
[PlyCount "50"]
[EventDate "2019.08.05"]
[EventType "swiss"]
[EventCountry "POL"]
[SourceTitle "playchess.com"]
[Source "ChessBase"]
[SourceQuality "1"]
[TimeControl "40/5400+30:1800+30"]

1. d4 {[%emt 0:00:00]} f5 {[%emt 0:03:26]} 2. g3 {[%emt 0:03:47]} Nf6 {[%emt 0:00:30]} 3. Bg2 {[%emt 0:00:04]} g6 {[%emt 0:00:16]} 4. c4 {[%emt 0:00:22]} Bg7 {[%emt 0:00:08]} 5. Nc3 {[%emt 0:00:08]} O-O {[%emt 0:00:33]} 6. Nf3 {[%emt 0:00:01]} d6 {[%emt 0:00:08]} 7. O-O {[%emt 0:00:06]} Qe8 {[%emt 0:00:08]} 8. d5 {[%emt 0:00:29]} Na6 {[%emt 0:00:07]} 9. Rb1 {[%emt 0:00:35]} Nc5 {[%emt 0:15:20]} 10. b4 {[%emt 0:06:38]} Nce4 {[%emt 0:04:08]} 11. Bb2 {[%emt 0:03:25]} Qf7 {[%emt 0:12:54]} 12. Nxe4 {[%emt 0:18:27]} Nxe4 {[%emt 0:00:06]} 13. Qd3 {[%emt 0:00:50]} a5 {[%emt 0:21:04]} 14. a3 {[%emt 0:06:16]} axb4 {[%emt 0:00:06]} 15. axb4 {[%emt 0:00:04]} e5 {[%emt 0:00:04]} 16. dxe6 {[%emt 0:05:31]} Bxe6 {[%emt 0:00:05]} 17. Bxg7 {[%emt 0:06:12]} Qxg7 {[%emt 0:15:10]} 18. Nd4 {[%emt 0:06:23]} Bf7 {[%emt 0:00:34]} 19. Rfc1 {[%emt 0:06:42]} Rfe8 {[%emt 0:03:47]} 20. e3 {[%emt 0:01:30]} Qe5 {[%emt 0:02:36]} 21. Nb5 {[%emt 0:06:21]} Ra2 {[%emt 0:13:04]} 22. Rc2 {[%emt 0:01:12]} Ra1 {[%emt 0:01:07]} 23. Rcc1 {[%emt 0:04:14]} Ra2 {[%emt 0:00:03]} 24. Rc2 {[%emt 0:00:04]} Ra1 {[%emt 0:00:14]} 25. Rcc1 {[%emt 0:00:04]} Ra2 {[%emt 0:00:13]} 1/2-1/2

[Event "3rd Memorial Warakomska 2019"]
[Site "Suwalki"]
[Date "2019.08.08"]
[Round "5.3"]
[White "Sadzikowski, Daniel"]
[Black "Tomczak, Jacek"]
[Result "1/2-1/2"]
[WhiteElo "2503"]
[BlackElo "2623"]
[Annotator "ChessBase"]
[PlyCount "34"]
[EventDate "2019.08.05"]
[EventType "swiss"]
[EventCountry "POL"]
[SourceTitle "playchess.com"]
[Source "ChessBase"]
[SourceQuality "1"]
[TimeControl "40/5400+30:1800+30"]

1. e4 {[%emt 0:00:00]} e6 {[%emt 0:00:00]} 2. d4 {[%emt 0:00:00]} d5 {[%emt 0:00:00]} 3. Nd2 {[%emt 0:00:00]} Be7 {[%emt 0:00:11]} 4. Ngf3 {[%emt 0:00:45]} Nf6 {[%emt 0:00:59]} 5. exd5 {[%emt 0:01:15]} Nxd5 {[%emt 0:13:04]} 6. c4 {[%emt 0:09:11]} Nf6 {[%emt 0:01:07]} 7. Be2 {[%emt 0:00:41]} O-O {[%emt 0:05:16]} 8. O-O {[%emt 0:01:02]} b6 {[%emt 0:00:32]} 9. Nb1 {[%emt 0:10:06]} Bb7 {[%emt 0:08:16]} 10. Nc3 {[%emt 0:00:47]} Ne4 {[%emt 0:04:06]} 11. Nxe4 {[%emt 0:07:24]} Bxe4 {[%emt 0:00:06]} 12. Bd3 {[%emt 0:00:40]} Bxd3 {[%emt 0:14:31]} 13. Qxd3 {[%emt 0:00:03]} Nd7 {[%emt 0:00:25]} 14. Bf4 {[%emt 0:01:23]} Bd6 {[%emt 0:20:14]} 15. Bg5 {[%emt 0:04:11]} Be7 {[%emt 0:00:36]} 16. Bf4 {[%emt 0:08:52]} Bd6 {[%emt 0:00:05]} 17. Bg5 {[%emt 0:00:03]} Be7 {[%emt 0:00:06]} 1/2-1/2

[Event "3rd Memorial Warakomska 2019"]
[Site "Suwalki"]
[Date "2019.08.08"]
[Round "5.4"]
[White "Nasuta, Grzegorz"]
[Black "Caspi, Israel"]
[Result "1/2-1/2"]
[WhiteElo "2529"]
[BlackElo "2458"]
[Annotator "ChessBase"]
[PlyCount "32"]
[EventDate "2019.08.05"]
[EventType "swiss"]
[EventCountry "POL"]
[SourceTitle "playchess.com"]
[Source "ChessBase"]
[SourceQuality "1"]
[TimeControl "40/5400+30:1800+30"]

1. e4 {[%emt 0:00:00]} e5 2. Nf3 {[%emt 0:00:00]} Nf6 {[%emt 0:00:00]} 3. Nxe5 {[%emt 0:00:03]} d6 {[%emt 0:00:00]} 4. Nf3 Nxe4 {[%emt 0:00:00]} 5. Nc3 {[%emt 0:00:25]} Nxc3 {[%emt 0:00:10]} 6. dxc3 {[%emt 0:00:08]} Be7 {[%emt 0:00:22]} 7. Be3 {[%emt 0:00:15]} O-O {[%emt 0:00:24]} 8. Qd2 {[%emt 0:00:10]} b6 {[%emt 0:00:14]} 9. O-O-O {[%emt 0:03:37]} Bb7 {[%emt 0:00:26]} 10. Nd4 {[%emt 0:25:15]} Nd7 {[%emt 0:00:24]} 11. Be2 {[%emt 0:00:46]} Bf6 {[%emt 0:26:50]} 12. Rhg1 {[%emt 0:31:45]} Nc5 {[%emt 0:03:38]} 13. Kb1 {[%emt 0:00:06]} a6 {[%emt 0:22:10]} 14. Bf3 {[%emt 0:06:00]} Ne4 {[%emt 0:03:33]} 15. Qd3 {[%emt 0:08:15]} Re8 {[%emt 0:00:41]} 16. Ne2 {[%emt 0:01:09]} Rb8 {[%emt 0:23:18]} 1/2-1/2

[Event "3rd Memorial Warakomska 2019"]
[Site "Suwalki"]
[Date "2019.08.08"]
[Round "5.5"]
[White "Shyam, Sundar M."]
[Black "Galperin, Platon"]
[Result "1/2-1/2"]
[WhiteElo "2520"]
[BlackElo "2445"]
[Annotator "ChessBase"]
[PlyCount "36"]
[EventDate "2019.08.05"]
[EventType "swiss"]
[EventCountry "POL"]
[SourceTitle "playchess.com"]
[Source "ChessBase"]
[SourceQuality "1"]
[TimeControl "40/5400+30:1800+30"]

1. c4 {[%emt 0:00:00]} e5 {[%emt 0:00:12]} 2. Nc3 {[%emt 0:00:00]} Bb4 {[%emt 0:00:07]} 3. Nd5 {[%emt 0:00:00]} Bc5 {[%emt 0:00:09]} 4. e3 {[%emt 0:00:00]} Nf6 {[%emt 0:04:46]} 5. b4 {[%emt 0:00:47]} Be7 {[%emt 0:02:51]} 6. Nxe7 {[%emt 0:06:26]} Qxe7 {[%emt 0:00:04]} 7. Bb2 {[%emt 0:00:17]} O-O {[%emt 0:05:53]} 8. Qc2 {[%emt 0:09:39]} a5 {[%emt 0:05:52]} 9. b5 {[%emt 0:00:30]} a4 {[%emt 0:00:02]} 10. Nf3 {[%emt 0:11:25]} d6 {[%emt 0:00:22]} 11. d4 {[%emt 0:00:39]} a3 {[%emt 0:01:05]} 12. Bc3 {[%emt 0:00:49]} exd4 {[%emt 0:05:49]} 13. Nxd4 {[%emt 0:00:06]} Ne4 {[%emt 0:04:46]} 14. Bd3 {[%emt 0:00:05]} Nxc3 {[%emt 0:00:11]} 15. Qxc3 {[%emt 0:00:08]} Nd7 {[%emt 0:02:12]} 16. O-O {[%emt 0:08:52]} Nc5 {[%emt 0:10:49]} 17. Rac1 {[%emt 0:00:08]} Be6 {[%emt 0:05:51]} 18. Rfd1 {[%emt 0:19:01]} Qf6 {[%emt 0:10:04]} 1/2-1/2

[Event "3rd Memorial Warakomska 2019"]
[Site "Suwalki"]
[Date "2019.08.08"]
[Round "5.6"]
[White "Malakhatko, Vadim"]
[Black "Jakubowski, Krzysztof"]
[Result "1-0"]
[WhiteElo "2462"]
[BlackElo "2528"]
[Annotator "ChessBase"]
[PlyCount "49"]
[EventDate "2019.08.05"]
[EventType "swiss"]
[EventCountry "POL"]
[SourceTitle "playchess.com"]
[Source "ChessBase"]
[SourceQuality "1"]
[TimeControl "40/5400+30:1800+30"]

1. Nf3 {[%emt 0:00:00]} d5 {[%emt 0:00:00]} 2. c4 {[%emt 0:00:00]} d4 {[%emt 0:00:31]} 3. b4 {[%emt 0:00:10]} g5 {[%emt 0:01:01]} 4. Nxg5 {[%emt 0:07:37]} e5 {[%emt 0:00:29]} 5. Ne4 {[%emt 0:00:32]} f5 {[%emt 0:03:16]} 6. Nc5 {[%emt 0:10:10]} a5 {[%emt 0:42:39]} 7. e3 {[%emt 0:08:19]} Nf6 {[%emt 0:15:00]} 8. Be2 {[%emt 0:17:00]} Rg8 {[%emt 0:02:53]} 9. O-O {[%emt 0:08:10]} axb4 {[%emt 0:00:45]} 10. Nd3 {[%emt 0:00:06]} Nc6 {[%emt 0:00:43]} 11. Bb2 {[%emt 0:00:16]} Be6 {[%emt 0:02:52]} 12. exd4 {[%emt 0:13:18]} Nxd4 {[%emt 0:01:06]} 13. Nxe5 {[%emt 0:03:48]} f4 {[%emt 0:04:43]} 14. Bh5+ {[%emt 0:08:15]} Ke7 {[%emt 0:01:06]} 15. Re1 {[%emt 0:00:25]} Ra5 {[%emt 0:03:01]} 16. d3 {[%emt 0:04:51]} Bh6 {[%emt 0:05:15]} 17. Nd2 {[%emt 0:05:43]} Kf8 {[%emt 0:01:45]} 18. Nb3 {[%emt 0:02:35]} Bh3 {[%emt 0:06:35]} 19. g3 {[%emt 0:01:31]} fxg3 {[%emt 0:03:01]} 20. hxg3 {[%emt 0:00:06]} Nf5 {[%emt 0:00:08]} 21. Kh2 {[%emt 0:02:28]} Be3 {[%emt 0:02:00]} 22. Rxe3 {[%emt 0:03:47]} Nxe3 {[%emt 0:00:26]} 23. Qf3 {[%emt 0:01:25]} Bg4 {[%emt 0:01:06]} 24. Bxg4 {[%emt 0:00:31]} Rxe5 {[%emt 0:00:42]} 25. Bh3 {[%emt 0:00:24]} 1-0

[Event "3rd Memorial Warakomska 2019"]
[Site "Suwalki"]
[Date "2019.08.08"]
[Round "5.7"]
[White "Kosakowski, Jakub"]
[Black "Zakhartsov, Vladimir"]
[Result "1/2-1/2"]
[WhiteElo "2394"]
[BlackElo "2493"]
[Annotator "ChessBase"]
[PlyCount "80"]
[EventDate "2019.08.05"]
[EventType "swiss"]
[EventCountry "POL"]
[SourceTitle "playchess.com"]
[Source "ChessBase"]
[SourceQuality "1"]
[TimeControl "40/5400+30:1800+30"]

1. e4 {[%emt 0:00:00]} c5 {[%emt 0:10:03]} 2. Nf3 {[%emt 0:00:00]} g6 {[%emt 0:00:30]} 3. d4 {[%emt 0:00:45]} Bg7 {[%emt 0:00:08]} 4. dxc5 {[%emt 0:00:27]} Qa5+ {[%emt 0:00:10]} 5. Bd2 {[%emt 0:07:12]} Qxc5 {[%emt 0:00:09]} 6. Nc3 {[%emt 0:00:07]} Nf6 {[%emt 0:03:26]} 7. Be2 {[%emt 0:06:35]} d6 {[%emt 0:01:25]} 8. O-O {[%emt 0:02:46]} O-O {[%emt 0:01:16]} 9. h3 {[%emt 0:02:59]} Be6 {[%emt 0:01:55]} 10. Be3 {[%emt 0:07:03]} Qc8 {[%emt 0:00:27]} 11. Qd2 {[%emt 0:05:21]} Bc4 {[%emt 0:04:22]} 12. Rfe1 {[%emt 0:03:19]} Bxe2 {[%emt 0:05:30]} 13. Rxe2 {[%emt 0:00:56]} Rd8 {[%emt 0:00:27]} 14. Bh6 {[%emt 0:00:33]} Bh8 {[%emt 0:00:49]} 15. Rd1 {[%emt 0:08:11]} Nbd7 {[%emt 0:01:23]} 16. Qf4 {[%emt 0:16:02]} Re8 {[%emt 0:04:15]} 17. Qh4 {[%emt 0:02:44]} Qc4 {[%emt 0:04:26]} 18. Nd4 {[%emt 0:01:37]} Rac8 {[%emt 0:02:06]} 19. Re3 {[%emt 0:06:01]} Qb4 {[%emt 0:02:25]} 20. Nf5 {[%emt 0:08:21]} Ne5 {[%emt 0:06:02]} 21. Rg3 {[%emt 0:02:07]} Rxc3 {[%emt 0:27:06]} 22. bxc3 {[%emt 0:09:23]} Qxe4 {[%emt 0:00:12]} 23. Qg5 {[%emt 0:00:08]} Qxc2 {[%emt 0:02:39]} 24. Rd4 {[%emt 0:06:39]} Nc6 {[%emt 0:01:00]} 25. Rf4 {[%emt 0:00:40]} Ne4 {[%emt 0:02:10]} 26. Rxe4 Qxe4 {[%emt 0:00:01]} 27. Re3 {[%emt 0:02:34]} Qxf5 {[%emt 0:02:24]} 28. Qxf5 {[%emt 0:00:11]} gxf5 {[%emt 0:00:02]} 29. Rg3+ {[%emt 0:00:01]} Bg7 {[%emt 0:00:04]} 30. Rxg7+ {[%emt 0:00:01]} Kh8 {[%emt 0:00:23]} 31. Rxf7 {[%emt 0:00:01]} Ne5 {[%emt 0:01:15]} 32. Rxf5 {[%emt 0:00:06]} Rc8 {[%emt 0:00:16]} 33. Be3 {[%emt 0:00:29]} Kg7 {[%emt 0:01:15]} 34. Bd4 {[%emt 0:00:34]} Kg6 {[%emt 0:00:16]} 35. g4 {[%emt 0:00:01]} Nc6 {[%emt 0:00:59]} 36. Be3 {[%emt 0:00:12]} Ne5 {[%emt 0:01:04]} 37. Bd4 {[%emt 0:01:21]} e6 {[%emt 0:00:23]} 38. Rf4 {[%emt 0:00:02]} Nd7 {[%emt 0:00:18]} 39. Bxa7 {[%emt 0:02:13]} Rxc3 {[%emt 0:02:02]} 40. Be3 {[%emt 0:00:00]} Ra3 {[%emt 0:00:00]} 1/2-1/2